Design And Environment: A Primer (Record no. 370696)

MARC details
000 -LEADER
fixed length control field 00389 a2200157 4500
005 - DATE AND TIME OF LATEST TRANSACTION
control field 20260311124733.0
008 - FIXED-LENGTH DATA ELEMENTS--GENERAL INFORMATION
fixed length control field 260311b |||||||| |||| 00| 0 eng d
020 ## - INTERNATIONAL STANDARD BOOK NUMBER
International Standard Book Number 9788186199855
082 ## - DEWEY DECIMAL CLASSIFICATION NUMBER
Classification number 720.22/VYA
100 ## - MAIN ENTRY--PERSONAL NAME
Author Vyas K H
245 ## - TITLE STATEMENT
Title Design And Environment: A Primer
250 ## - EDITION STATEMENT
Edition statement 3rd ed.
260 ## - PUBLICATION, DISTRIBUTION, ETC.
Name of publisher, distributor, etc. NID Press
Date of publication, distribution, etc. 2016
Place of publication, distribution, etc. Ahmedabad
300 ## - PHYSICAL DESCRIPTION
Extent 177P
Other physical details PB
942 ## - ADDED ENTRY ELEMENTS (KOHA)
Koha item type DS Books
Holdings
Withdrawn status Lost status Source of classification or shelving scheme Damaged status Not for loan Home library Current library Date acquired Vendor Net Price Total Checkouts Full call number Barcode Date last seen Actual Price Bill Date Koha item type
    Dewey Decimal Classification     Dr. Bhanuben Nanavati College of Architecture Dr. Bhanuben Nanavati College of Architecture 11/03/2026 170 680.00   720.22/VYA BNCA-DS-183 11/03/2026 850.00 02/03/2026 DS Books